00302pam a2200097a 44500008004100000041000800041100001900049245005100068260007700119300000800196230405s2017 xxu||||| |||| 00| 0 eng d aENG aShama Pratibha aBiological Control of Plant Diseases and Weeds aNEW DELHIbDirectorate of Knowledge Management in Agriculture ICARc2017 a326